00801nam a2200205 a 4500003000500000005001700005008004100022010001100063011001100074020001800085035001100103040000900114111008300123245017200206260006400378300003600442650002800478700004200506700004700548CHAP20220329143657.0110105s2007 mx 10010 spa d a100195 a101167 a9789680203611 a111854 cCHAP2 aCongreso Nacional de Ciencias Agronómicas (n10d: 2007c: Chapingo, Méx.)10aResúmenes ampliados del décimo Congreso Nacional de CIencias Agronómicas [Disco compacto], 25 y 26 de abril de 2007c/compilado por J. Jesús Magdaleno Villar y aChapingo, Méx. :bUACH. Departamento de Fitotecnia,c2007 a1 disco compacto ;c4 3/4 plgs.04aAgriculturaxCongresos.0 aMagdaleno Villar, J. Jesúse, comp.0 aRodríguez Pérez, Juan Enriquee, comp.